000
00268nam a22001217a 4500
041
_a
ENG
100
_a
Alagiri .D
245
_a
Environmental Pollution And Protection
260
_a
Delhi
_b
Icfai Book
_c
2012
300
_a
311
650
_a
EOES
856
_u
EOES ( 11 )
999
_c
1161
_d
1161